000 00341pab a2200145 454500
008 180718b1998 xxu||||| |||| 00| 0 eng d
100 _aKrueger, Anne O.
245 _aWhy trade liberalisation is good for growth
260 _c1998
300 _ap.1513
362 _aSep
650 _aTrade
773 _aEconomic Journal
909 _a39124
999 _c39124
_d39124